000 00386nam a2200133Ia 4500
008 220204s9999 xx 000 0 und d
082 _a581.14
_bLEE
100 _aHEIMSCH, Charles
245 0 _aDevelopment and structure of plants: A photographic study.
260 _aNew York
_bHolt, Rinehart and Winston
_c1962
650 _aPlant structure
700 _aLEE, Addison E
942 _cBK
999 _c20584
_d20584